000 00483nam a2200193Ia 4500
005 20250425161208.0
008 250425s9999 xx 000 0 und d
041 _aeng
082 _a627.046
110 _aAMERICAN SOCIETY OF CIVIL ENGINEERING
245 0 _aHYDRAULIC ENGINEERING AND THE ENVIRONMENT
250 _aS.E.
260 _aEstados Unidos
_bASCI
_c1973
260 _aNEW YORK
300 _a466
650 _aINGENIERIA HIDRAULICA
942 _c01
010 _a14810
999 _c204320
_d204320